00480nam a2200169 4500003001100000005001700011008004100028040003900069041000800108082001600116100001800132245003200150250001200182260005400194300004600248650001600294LK-CoMWRAF20230902150744.0230902b1983 |||||||| |||| 00| 0 eng d aLK-CoMWRAFdLK-CoMWRAFeLK-CoMWRAF aeng a340.59bAJI aAjijola, A.D. aIntroduction to Islamic Law a2nd ed. aKarachi:bInternational Islamic publishers,c1983 axx, 410 p. ; 25 cmbBibliography included aISLAMIC LAW